[Event "TUN-ch sf"]
[Site "Monastir"]
[Date "2024.03.25"]
[Round "8"]
[White "Hergli, Amir"]
[Black "Ktita, Dhafer"]
[Result "0-1"]
[WhiteElo "1995"]
[BlackElo "1910"]
[PlyCount "58"]
[EventDate "2024.03.21"]
[EventType "swiss"]
[EventRounds "9"]
[EventCountry "TUN"]
[SourceTitle "CB15_2024"]
[SourceDate "2024.04.10"]
[SourceVersion "1"]
[SourceVersionDate "2024.04.10"]
[SourceQuality "1"]

1. Nc3 c5 2. f4 Nc6 3. e4 g6 4. h4 h5 5. e5 Nh6 6. Bd3 d6 7. exd6 Qxd6 8. Nb5 Qxf4 9. Ne2 Qb8 10. 0-0 Ng4 11. Nf4 Bh6 12. Qf3 a6 13. g3 Bxf4 14. Nc3 Bxg3 15. Qxf7+ Kd8 16. Nd5 Bxh4 17. Rf4 g5 18. Qg7 Re8 19. Bg6 gxf4 20. d4 Bf2+ 21. Kf1 Bxd4 22. Qf7 Nh2+ 23. Kg2 f3+ 24. Kh1 Bd7 25. Bf4 Be5 26. Rd1 Ng4 27. Nxe7 Nf2+ 28. Kg1 Nxd1 29. Nxc6+ bxc6 0-1

[Event "TUN-ch sf"]
[Site "Monastir"]
[Date "2024.03.21"]
[Round "1"]
[White "Ktita, Dhafer"]
[Black "Hasnaoui, Abrar"]
[Result "1-0"]
[WhiteElo "1910"]
[BlackElo "1490"]
[PlyCount "81"]
[EventDate "2024.03.21"]
[EventType "swiss"]
[EventRounds "9"]
[EventCountry "TUN"]
[SourceTitle "CB15_2024"]
[SourceDate "2024.04.10"]
[SourceVersion "1"]
[SourceVersionDate "2024.04.10"]
[SourceQuality "1"]

1. e4 c5 2. Nc3 Nc6 3. g3 d6 4. Bg2 g6 5. d3 Bg7 6. f4 Nf6 7. Nh3 Bg4 8. Qd2 Nd4 9. 0-0 0-0 10. Nf2 Bf3 11. Nfd1 Bxg2 12. Qxg2 b5 13. Ne3 e6 14. g4 Nd7 15. Bd2 b4 16. Ncd1 Qh4 17. c3 bxc3 18. bxc3 Nc6 19. e5 Ne7 20. Be1 Qh6 21. g5 Qh5 22. exd6 Nd5 23. Nxd5 exd5 24. Rf3 Rae8 25. Ne3 d4 26. Rh3 Qxh3 27. Qxh3 Rxe3 28. Qxd7 dxc3 29. Bf2 Rxd3 30. Kg2 Rd2 31. Kf3 c2 32. Rc1 Bb2 33. Rxc2 Rxc2 34. Qxa7 c4 35. Qe7 c3 36. Bd4 Rd2 37. Qf6 Rxd4 38. Qxd4 Rd8 39. Qc5 Kh8 40. d7 Rxd7 41. Qf8# 1-0

[Event "Bouhjar BICA Rapid op 02nd"]
[Site "Bouhjar"]
[Date "2022.11.20"]
[Round "3"]
[White "Akrout, Mansour"]
[Black "Ktita, Dhafer"]
[Result "1-0"]
[WhiteElo "1621"]
[BlackElo "1906"]
[PlyCount "82"]
[EventDate "2022.11.20"]
[EventType "swiss (rapid)"]
[EventRounds "9"]
[EventCountry "TUN"]
[SourceTitle "CBM 211 Extra"]
[Source "ChessBase"]
[SourceDate "2023.01.31"]
[SourceVersion "1"]
[SourceVersionDate "2023.01.31"]
[SourceQuality "1"]

1. e4 c5 2. Nf3 d6 3. Nc3 Nc6 4. a3 a6 5. Bc4 Nf6 6. d3 e6 7. Bg5 Be7 8. Qd2 0-0 9. Ne2 b5 10. Ba2 Bb7 11. Ng3 Rc8 12. c3 Ng4 13. Bxe7 Qxe7 14. 0-0 Kh8 15. Rac1 Nge5 16. Nxe5 dxe5 17. Qe3 Rfd8 18. Rcd1 Rd7 19. Rd2 Rcd8 20. Rfd1 g6 21. Qh6 Qf8 22. Qg5 f6 23. Qg4 f5 24. Qe2 Qe7 25. h3 Rd6 26. Nf1 f4 27. Nh2 Qd7 28. Nf3 Qg7 29. Ng5 Qf6 30. h4 h6 31. Nf3 g5 32. h5 g4 33. Nh2 g3 34. fxg3 fxg3 35. Nf1 Rg8 36. Qf3 Qh4 37. Qf7 Nd8 38. Qc7 Rc6 39. Qxe5+ Rg7 40. d4 cxd4 41. Rxd4 Kh7 1-0

[Event "Bouhjar BICA Rapid op 02nd"]
[Site "Bouhjar"]
[Date "2022.11.20"]
[Round "8"]
[White "Ktita, Dhafer"]
[Black "Abassi, Adel"]
[Result "1-0"]
[WhiteElo "1906"]
[BlackElo "1881"]
[PlyCount "129"]
[EventDate "2022.11.20"]
[EventType "swiss (rapid)"]
[EventRounds "9"]
[EventCountry "TUN"]
[SourceTitle "CBM 211 Extra"]
[Source "ChessBase"]
[SourceDate "2023.01.31"]
[SourceVersion "1"]
[SourceVersionDate "2023.01.31"]
[SourceQuality "1"]

1. d4 d5 2. Nf3 Nf6 3. c4 e6 4. Nc3 Be7 5. Bg5 h6 6. Bxf6 Bxf6 7. e3 0-0 8. Rc1 c6 9. Be2 a6 10. 0-0 Nd7 11. e4 dxe4 12. Nxe4 Be7 13. Re1 Nf6 14. Ng3 Qb6 15. Qb3 Qxb3 16. axb3 Rd8 17. Red1 a5 18. Ne5 Bd7 19. Bf3 a4 20. bxa4 Rxa4 21. Ne2 Rb4 22. Rc2 Be8 23. Ra1 c5 24. Nd3 Rb3 25. Nxc5 Bxc5 26. dxc5 Rc8 27. Nd4 Rd3 28. Rd1 Rxd1+ 29. Bxd1 Rxc5 30. b4 Re5 31. Kf1 Re4 32. Nb3 Ba4 33. Rc3 Rf4 34. Bf3 Ne4 35. Bxe4 Rxe4 36. Nc5 Rxc4 37. Nxa4 Rxb4 38. Nc5 b6 39. Nd7 b5 40. Nc5 Rb1+ 41. Ke2 b4 42. Rb3 Rc1 43. Nd3 Rc2+ 44. Ke3 g5 45. Rxb4 Kg7 46. h4 f5 47. h5 Kf6 48. Rb7 Rc3 49. Rh7 e5 50. Rxh6+ Kf7 51. Kd2 Ra3 52. Nxe5+ Kg7 53. Rg6+ Kh7 54. Rxg5 f4 55. Nd3 Ra2+ 56. Kc3 Ra3+ 57. Kd4 Kh6 58. Rf5 Ra4+ 59. Ke5 Ra5+ 60. Kxf4 Ra4+ 61. Ke3 Ra3 62. g4 Rb3 63. Rf6+ Kg5 64. Rg6+ Kh4 65. h6 1-0

[Event "Bouhjar BICA Rapid op 02nd"]
[Site "Bouhjar"]
[Date "2022.11.20"]
[Round "4"]
[White "Ktita, Dhafer"]
[Black "Saidi, Mohamed Ali"]
[Result "1-0"]
[WhiteElo "1906"]
[BlackElo "1229"]
[PlyCount "125"]
[EventDate "2022.11.20"]
[EventType "swiss (rapid)"]
[EventRounds "9"]
[EventCountry "TUN"]
[SourceTitle "CBM 211 Extra"]
[Source "ChessBase"]
[SourceDate "2023.01.31"]
[SourceVersion "1"]
[SourceVersionDate "2023.01.31"]
[SourceQuality "1"]

1. d4 Nf6 2. c4 e6 3. Nc3 Bb4 4. Qc2 d5 5. Nf3 c6 6. Bg5 h6 7. Bxf6 Qxf6 8. e3 Nd7 9. a3 Be7 10. Bd3 Bd6 11. 0-0 Qd8 12. e4 dxe4 13. Nxe4 Be7 14. Rad1 Nf6 15. Rfe1 0-0 16. Ne5 Nxe4 17. Bxe4 Bf6 18. Qe2 Bxe5 19. dxe5 Qe7 20. Rd6 Rd8 21. Red1 Rxd6 22. exd6 Qe8 23. c5 Bd7 24. f4 Rd8 25. Bc2 b6 26. b4 bxc5 27. bxc5 Rb8 28. Qe4 g6 29. h4 h5 30. Rd4 Rb5 31. Qe5 a6 32. Rb4 Qf8 33. Bd3 Ra5 34. Qb2 Qg7 35. Rb8+ Kh7 36. Qxg7+ Kxg7 37. Rd8 Rxa3 38. Bf1 Rc3 39. Rxd7 Rxc5 40. Rc7 Kf8 41. Bxa6 Ke8 42. Bc8 Kd8 43. Bb7 Rd5 44. Rxc6 Rd1+ 45. Kf2 Kd7 46. Rc7+ Kxd6 47. Rxf7 Rd2+ 48. Kg3 e5 49. Rf6+ Ke7 50. fxe5 Rd3+ 51. Bf3 Re3 52. Rxg6 Rxe5 53. Rg5 Rxg5+ 54. hxg5 Kf7 55. Kh4 Kg6 56. Bxh5+ Kg7 57. g3 Kh7 58. Kg4 Kg7 59. Kf5 Kh7 60. Kf6 Kh8 61. Bf7 Kh7 62. g6+ Kh6 63. g7 1-0

[Event "Sousse BICA op 1st"]
[Site "Sousse"]
[Date "2021.12.27"]
[Round "6"]
[White "Zgeta, Faisal Mohamed"]
[Black "Ktita, Dhafer"]
[Result "0-1"]
[WhiteElo "1649"]
[BlackElo "1956"]
[PlyCount "80"]
[EventDate "2021.12.24"]
[EventType "swiss"]
[EventRounds "9"]
[EventCountry "TUN"]
[SourceTitle "CBM 205 Extra"]
[Source "ChessBase"]
[SourceDate "2022.01.31"]
[SourceVersion "1"]
[SourceVersionDate "2022.01.31"]
[SourceQuality "1"]

1. d4 Nf6 2. Nf3 d6 3. c4 g6 4. Nc3 Bg7 5. e4 0-0 6. g3 Bg4 7. Bg2 e5 8. dxe5 Bxf3 9. Qxf3 dxe5 10. Nd5 Nfd7 11. Be3 c6 12. Nc3 Na6 13. a3 Ndc5 14. 0-0 Nb3 15. Rad1 Nd4 16. Qg4 h5 17. Qh3 Qc8 18. Qxc8 Raxc8 19. b4 Nc7 20. Bxd4 exd4 21. Ne2 Rfd8 22. Rd3 a5 23. Rfd1 axb4 24. axb4 Na6 25. Rb1 c5 26. bxc5 Nxc5 27. Rdd1 g5 28. f4 d3 29. Nc1 gxf4 30. gxf4 Bd4+ 31. Kf1 Be3 32. f5 Rd4 33. e5 Re8 34. e6 fxe6 35. fxe6 Rf8+ 36. Ke1 d2+ 37. Ke2 dxc1Q 38. Rdxc1 Bxc1 39. Rxc1 Re8 40. Ke3 Rd3+ 0-1